Global politics in the human interest
Mel Gurtov's enormous contribution is to provide an alternative to the misplaced faith in global markets and the nation-state system as the best means to provide for human needs and genuine security
Spremljeno u:
| Glavni autor: | |
|---|---|
| Format: | Knjiga |
| Jezik: | Undetermined |
| Izdano: |
Boulder
Lynne Rienner Publishers
2007
|
| Teme: | |
| Oznake: |
Dodaj oznaku
Bez oznaka, Budi prvi tko označuje ovaj zapis!
|
| Thư viện lưu trữ: | Trung tâm Học liệu Trường Đại học Cần Thơ |
|---|
| LEADER | 00759nam a2200205Ia 4500 | ||
|---|---|---|---|
| 001 | CTU_186969 | ||
| 008 | 210402s9999 xx 000 0 und d | ||
| 020 | |c 24.92 | ||
| 082 | |a 327.101 | ||
| 082 | |b G981 | ||
| 100 | |a Gurtov, Melvin | ||
| 245 | 0 | |a Global politics in the human interest | |
| 245 | 0 | |c Melvin Gurtov | |
| 260 | |a Boulder | ||
| 260 | |b Lynne Rienner Publishers | ||
| 260 | |c 2007 | ||
| 520 | |a Mel Gurtov's enormous contribution is to provide an alternative to the misplaced faith in global markets and the nation-state system as the best means to provide for human needs and genuine security | ||
| 650 | |a International relations,Quan hệ quốc tế | ||
| 904 | |i Trúc | ||
| 980 | |a Trung tâm Học liệu Trường Đại học Cần Thơ | ||